| 000 | 01847cam a2200361 i 4500 | ||
|---|---|---|---|
| 001 | 768714001 | ||
| 003 | CO-MdFUSB | ||
| 005 | 20220809164512.0 | ||
| 007 | ta | ||
| 008 | 960816t1997 mauabf b 001 0 eng | ||
| 010 | _a 96038512 | ||
| 020 | _a0631167919 (alk. paper) | ||
| 020 | _a0631205470 | ||
| 040 |
_aDLC _cCO-MdFUSB _dDLC _bspa _erda |
||
| 041 | _aeng | ||
| 082 | 0 | 0 |
_223 _a980 _bB168 |
| 100 | 1 |
_aBakewell, P. J. _d1943- _eautor |
|
| 245 | 1 | 2 |
_aA history of Latin America : _bempires and sequels, 1450-1930 _c/ Peter Bakewell. |
| 264 | 1 |
_aMalden, MA : _bBlackwell Publishers, _c[1997] |
|
| 264 | 4 | _c© 1997 | |
| 300 |
_a520 páginas : _bilustraciones, mapas ; _c; 26 cm. |
||
| 336 |
_2rdacontent _atexto _btxt |
||
| 337 |
_2rdamedia _asin mediación _bn |
||
| 338 |
_2rdacarrier _avolumen _bnc |
||
| 504 | _aIncluye referencias bibliográficas (p. 493-512) e índice. | ||
| 505 | _aConvenciones utilizadas -- Parte I: Bases. Tierras y climas; pueblos americanos; Iberia -- Parte II: Aproximaciones. Colón y otros; Experimento en el Caribe; Conquista militar -- Parte III: Dominación. Administración: el poder del papel; Iglesia: frailes, obispos y estado; Sociedad: los viejos órdenes cambiaron; Economía: barcos y plata -- Parte IV: Colonias maduras. El siglo XVII: un agarre más flojo; Hispanoamérica del siglo XVIII: ¿reformada o deformada? -- Parte V: Portugal en América. Brasil colonial: esclavos, azúcar y oro -- Parte VI: Autodescubrimiento: el siglo XIX y más allá. independencia; A la deriva en tempestades: caudillos y penurias; Aguas más tranquilas y nuevo rumbo : oligarcas y exportaciones -- Epílogo -- Glosario. | ||
| 563 | _aRústico | ||
| 651 | 7 |
_aAmérica Latina _xHistoria. |
|
| 830 | 0 | _aBlackwell history of the world | |
| 942 | _cBK | ||
| 945 | _aJTF-925 | ||
| 999 |
_c67311 _d67311 |
||